00414nam a2200121 a 450000500170000000800410001705000180005810000200007624500420009626000370013899900190017595200980019420140414131905.0100927s19uu xx 00 eng d aFICbSp4 1990 aSpinelli, Jerry aWho ran my underwear up the flagpole. aNew York :bScholastic ,c1990. c110898d110898 001040aMUbMUcFICd2010-09-27l0oFIC Sp4 1990pM1422r2014-04-14 00:00:00w2014-04-14yBK